Statistics for Eggs

Click here to take the quiz!

General Stats

  • This quiz has been taken 76 times
  • The average score is 5 of 10

Answer Stats

Answer% Correct
Scrambled egg
94%
Fried egg
84%
Omelette
73%
Hard boiled egg
66%
Deviled Egg
63%
Soft boiled egg
52%
Eggs benedict
41%
Century egg
14%
Half boiled egg
5%
Chawanmushi
3%

Score Distribution

Percentile by Number Answered

Percent of People with Each Score

Your Score History

You have not taken this quiz